书目信息 |
| 题名: |
藏书建设与读者工作
|
|
| 作者: | 沈继武 | |
| 分册: | ||
| 出版信息: | 武汉大学出版社 1987.10 |
|
| 页数: | 457页 | |
| 开本: | 32开 | |
| 丛书名: | ||
| 单 册: | ||
| 中图分类: | G253-43 | |
| 科图分类: | ||
| 主题词: | 图书馆学 , 图书馆事业 | |
| 电子资源: | ||
| ISBN: | 978-7-5013-4297-6 | |
| 000 | 00557nam0 2200193 45 | |
| 001 | 9911301546 | |
| 005 | 19991130154238.7 | |
| 010 | @a978-7-5013-4297-6@d2.35 | |
| 100 | @a19991130d1987 km y0chiy0120 ea | |
| 101 | @achi | |
| 105 | @a z 000yy | |
| 200 | 1 | @a藏书建设与读者工作@ACang Shu Jian She Yu Du Zhe Gong Zuo@f沈继武@FShen Ji Wu |
| 210 | @c武汉大学出版社@d1987.10 | |
| 215 | @a457页@c无图表@d32开 | |
| 606 | 0 | @a图书馆学 |
| 606 | 0 | @a图书馆事业 |
| 690 | @aG253-43@v3 | |
| 801 | @aCN@bPerfectUser@c19991130 | |
| 905 | @aBZT@b22930-931@f5@dG253-43@e1 | |
| 藏书建设与读者工作/沈继武.-武汉大学出版社,1987.10 |
| 457页:无图表;32开 |
| ISBN 978-7-5013-4297-6:2.35 |
| ● |
| 相关链接 |
|
|
|
正题名:藏书建设与读者工作
索取号:G253-43/1
 
预约/预借
| 序号 | 登录号 | 条形码 | 馆藏地/架位号 | 状态 | 备注 |
| 1 | 25066 | 200540762 | 中心书库北库/ 北库032架B面3列6层35/ [索取号:G253-43/1] | 在馆 | |
| 2 | 25067 | 200540744 | 中心书库北库/ 北库032架B面3列6层34/ [索取号:G253-43/1] | 在馆 | |
| 3 | 25068 | 200540753 | 中心书库北库/ 北库032架B面3列6层33/ [索取号:G253-43/1] | 在馆 |